Statistiques concernant Dans quel État des États-Unis se situe ces 15 lieux célèbres #2

Cliquez ici pour prendre le quiz!

Statistiques générales

  • Ce quiz a été pris 66 fois
  • Le résultat moyen est 6 sur 15

Statistiques - réponses

Réponse% Correct
Californie
96%
Floride
80%
Nevada
75%
Arizona
66%
Nevada
61%
Dakota du Sud
52%
Washington DC
45%
Wyoming/Idaho/Montana
43%
Californie
39%
Tenessee
38%
New York
36%
Colorado
5%
Floride
5%
Oregon
4%
Tenessee
0%

Distribution des résultats

Percentile par nombre de réponses

% des personnes avec chaque résultat

Votre développement - résultats

Vous n’avez pas pris ce quiz